000 01318cam a2200157 4500500
005 20251214023442.0
041 _afre
042 _adc
100 1 0 _aFilippi, Florence
_eauthor
245 0 0 _aMás diva que divina
260 _c2025.
500 _a88
520 _aHistóricamente, en Sudáfrica, la violencia policial ha sido a menudo un acontecimiento transformador que ha contribuido a redefinir el rumbo de la política nacional. Muchos han argumentado que la masacre de Marikana, el episodio más violento del país desde el final del apartheid, tuvo efectos similares. Sin embargo, más de diez años después, persisten muchas de las deficiencias de la democracia sudafricana, como los altos niveles de desigualdad y el uso de la violencia estatal contra los ciudadanos negros. La masacre de Marikana parece haber sido una ocasión perdida, una oportunidad de cambio estructural que no se materializó. Este artículo analiza el caso de Marikana para debatir las teorías sociológicas del suceso y examina los factores que pueden subyacer a acontecimientos que podrían calificarse de inconclusos.
786 0 _n20 & 21. Revue d'histoire | 166 | 2 | 2025-09-11 | p. 183-185 | 2649-664X
856 4 1 _uhttps://shs.cairn.info/revue-20-21-revue-dhistoire-2025-2-page-183?lang=es&redirect-ssocas=7080
999 _c1572701
_d1572701